Movies Quiz

Random Movies or Disney Quiz

Disney Movie Profile: Frozen Quiz Stats

Quiz not verified by Sporcle

Challenge
Share
Tweet
Embed
Score 0/29 Timer 05:00
0 Plays Today
Hint Answer % Correct
Main female protagonistElsa
98.8%
Main female protagonistAnna
98.7%
AntagonistHans
95.1%
SidekickOlaf
92.2%
Male protagonistKristoff
92%
SidekickSven
88.6%
SongLet It Go
87.7%
'We finish each other's ___________'Sandwiches
77.4%
SongFor The First Time In Forever
74.4%
SongFor The First Time In Forever (Reprise)
74.4%
Year Released2013
73.1%
SongDo You Want To Build A Snowman?
72.3%
SongLove Is An Open Door
72.2%
'Don't let them in, don't let them see, _____________'Be the good girl you always have to be
68.2%
SongIn Summer
61.4%
Hint Answer % Correct
SongFrozen Heart
60.8%
SongFixer Upper
60.2%
SingerIdina Menzel
58.6%
SettingArendelle
58.2%
SingerKristen Bell
55.7%
Secondary antagonistDuke of Weselton
53.9%
SongReindeer(s) Are Better Than People
46.3%
SingerJosh Gad
31.4%
Background characterOaken
26.4%
Background characterGrand Pabbie
26.2%
SingerJonathan Groff
21.8%
Background characterBulda
20.2%
SingerSantino Fontana
15.9%
SongVuelie
13.9%

You're not logged in!

Compare scores with friends on all Sporcle quizzes.
Join for Free
OR
Log In

You Might Also Like...

Show Comments

Extras

Top Quizzes Today


Score Distribution

Your Account Isn't Verified!

In order to create a playlist on Sporcle, you need to verify the email address you used during registration. Go to your Sporcle Settings to finish the process.

Report this User

Report this user for behavior that violates our Community Guidelines.

Details: